10 Famous People from Morocco - Statistics

General Stats
  • This quiz has been taken 92 times
  • The average score is 4 of 10
Answer Stats
Hint Answer % Correct
King of Morocco from 1961 until his death in 1999 Hassan II
81%
Right-back who played for Real Madrid, Inter and PSG Achraf Hakimi
79%
King of Morocco who ascended to the throne in 1999 Mohammed VI
76%
Berber-Moroccan explorer and scholar who traveled extensively, visiting most of the Old World Ibn Battuta
53%
Moroccan-American rapper best known for his tracks Unforgettable and Choppa Choppa Down French Montana
49%
Middle-distance runner an world record holder of the 1500 m Hicham El Guerrouj
32%
Only athlete in history to have won a medal in each of the 800 m and 5000 m at the Olympics Saïd Aouita
24%
Morocco's most capped player with 115 appearances who played as a defender Noureddine Naybet
19%
Tennis player and a five-time singles winner on the ATP Tour Younes El Aynaoui
15%
Moroccan-Spanish-American actress who starrex in NBS series The Brave Sofia Pernas
4%
No matching quizzes found
Score Distribution
Percent of People with Each Score
Percentile by Number Answered
Your Score History
You have not taken this quiz